000 02084nam a2200229Ia 4500
008 231023s9999 xx 000 0 und d
010 _a2011053371
020 _a9780822352617
050 _aE185.615.T575 2012
082 _a326.0973--
_bdc23
100 _aTillet, Salamishah
_91745
245 0 _aSites of Slavery
_b: Citizenship and Racial Democracy in the Post–Civil Rights Imagination
_c/ Salamishah Tillet
260 _bDuke University Press Books;
_c2012
300 _a248p;
_c24x16cm
520 _aMore than forty years after the major victories of the civil rights movement, African Americans have a vexed relation to the civic myth of the United States as the land of equal opportunity and justice for all. In Sites of Slavery Salamishah Tillet examines how contemporary African American artists and intellectuals—including Annette Gordon-Reed, Barbara Chase-Riboud, Bill T. Jones, Carrie Mae Weems, and Kara Walker—turn to the subject of slavery in order to understand and challenge the ongoing exclusion of African Americans from the founding narratives of the United States. She explains how they reconstruct "sites of slavery"—contested figures, events, memories, locations, and experiences related to chattel slavery—such as the allegations of a sexual relationship between Thomas Jefferson and Sally Hemings, the characters Uncle Tom and Topsy in Harriet Beecher Stowe's novel Uncle Tom's Cabin, African American tourism to slave forts in Ghana and Senegal, and the legal challenges posed by reparations movements. By claiming and recasting these sites of slavery, contemporary artists and intellectuals provide slaves with an interiority and subjectivity denied them in American history, register the civic estrangement experienced by African Americans in the post–civil rights era, and envision a more fully realized American democracy.
546 _aEnglish
648 _a21st century
650 _aE151-889 History of the Americas- United States
_91746
650 _aRace Relations. Slavery
_91747
651 _aUnited States.
_91748
942 _cBK
999 _c3706
_d3706